Mao's great famine : (Record no. 1588)

MARC details
000 -LEADER
fixed length control field 02740cam a2200277 a 4500
005 - DATE AND TIME OF LATEST TRANSACTION
control field 20231124143536.0
020 ## - INTERNATIONAL STANDARD BOOK NUMBER
International Standard Book Number 978408810033
040 ## - CATALOGING SOURCE
Original cataloging agency DLC
Transcribing agency DLC
Modifying agency BTCTA
-- YDXCP
-- CDX
-- C#P
-- BWX
-- VP@
-- GK8
-- A7U
-- LMR
-- DLC
Language of cataloging eng
050 00 - LIBRARY OF CONGRESS CALL NUMBER
Classification number HC430.F3
082 00 - DEWEY DECIMAL CLASSIFICATION NUMBER
Classification number 951.055
Edition number 22
100 1# - MAIN ENTRY--PERSONAL NAME
Personal name Dikötter, Frank
245 10 - TITLE STATEMENT
Title Mao's great famine :
Remainder of title the history of China's most devastating catastrophe, 1958-1962 /
Statement of responsibility, etc. Frank Dikötter.
250 ## - EDITION STATEMENT
Edition statement The paperback edition published 2011
260 ## - PUBLICATION, DISTRIBUTION, ETC.
Place of publication, distribution, etc. New York :
Name of publisher, distributor, etc. Bloomsbury Publishing Plc
Date of publication, distribution, etc. 2010
300 ## - PHYSICAL DESCRIPTION
Extent 420 pages :
Other physical details illustrations ,maps
Dimensions 21 cm
505 0# - FORMATTED CONTENTS NOTE
Formatted contents note Z <br/>
520 1# - SUMMARY, ETC.
Summary, etc. ""Between 1958 and 1962, China descended into hell. Mao Zedong threw his country into a frenzy with the Great Leap Forward, an attempt to catch up with and overtake Britain in less than fifteen years. The experiment ended in the greatest catastrophe the country had ever known, destroying tens of millions of lives." So opens Frank Dikotter's astonishing, riveting, magnificently detailed chronicle of an era in Chinese history much speculated about but never before fully documented because access to Communist Party archives has long been restricted to all but the most trusted historians. However, a new archive law has opened up thousands of central and provincial documents that "fundamentally change the way one can study the Maoist era."" "Dikotter makes clear, as nobody has before, that far from being the program that would lift the country among the world's superpowers and prove the power of communism, as Mao imagined, the Great Leap Forward propelled the country in the other direction. It became not only one of the most deadly mass killings in human history---at least 45 million people were worked, starved, or beaten to death---but also the greatest demolition of real estate in history, as up to one third of all housing was turned into rubble. The experiment was a catastrophe for the natural world as well, as the land was savaged in the maniacal pursuit of steel and other industrial accomplishments." "In a powerful meshing of exhaustive research in Chinese archives and narrative drive, Dikotter for the first time links up what happened in the corridors of power---the vicious backstabbing and bullying tactics that took place among party leaders---with the everyday experiences of ordinary people, giving voice to the dead and disenfranchised. His magisterial account recasts the history of the People's Republic of China."--BOOK JACKET.
521 ## - TARGET AUDIENCE NOTE
Target audience note 900 <br/>
Source Lexile <br/>
521 ## - TARGET AUDIENCE NOTE
Target audience note Z <br/>
Source Raz-Plus <br/>
650 #0 - SUBJECT ADDED ENTRY--TOPICAL TERM
Topical term or geographic name entry element Famines
Geographic subdivision China.
650 #0 - SUBJECT ADDED ENTRY--TOPICAL TERM
Topical term or geographic name entry element Food supply
Geographic subdivision China.
906 ## - LOCAL DATA ELEMENT F, LDF (RLIN)
a 7
b cbc
c orignew
d 1
e ecip
f 20
g y-gencatlg
936 ## - OCLC/CONSER MISCELLANEOUS DATA (OCLC); PIECE USED FOR CATALOGING (pre-AACR2) (RLIN)
OCLC control number(s) of parallel record(s) (OCLC); Piece used for cataloging, PUC (RLIN) PR 673011821
942 ## - ADDED ENTRY ELEMENTS (KOHA)
Source of classification or shelving scheme Dewey Decimal Classification
Koha item type Books
Suppress in OPAC No
999 ## -
-- 1588
-- 1588
Holdings
Withdrawn status Lost status Source of classification or shelving scheme Damaged status Not for loan Collection Home library Current library Shelving location Date acquired Total Checkouts Full call number Barcode Date last seen Date last checked out Price effective from Koha item type
    Dewey Decimal Classification     Non-Fiction Footprints International School Library Network Toul Tom Poung Campus Footprints International School Library Network Toul Tom Poung Campus TTP Secondary Non-Fiction Bookshelves 09/08/2023 1 DIX 951.055 HC430.F3 FISSE01600 11/14/2025 01/08/2024 09/08/2023 Books